Obras completas de Alejo Carpentier VIII: Crónicas 1: arte, literatura y política

Zapisane w:
Opis bibliograficzny
1. autor: Carpentier, Alejo
Format: Książka
Język:Undetermined
Wydane: México, Distrito Federal Siglo vientiuno editores 1985
Hasła przedmiotowe:
Etykiety: Dodaj etykietę
Nie ma etykietki, Dołącz pierwszą etykiete!

MARC

LEADER 00000nam a2200000Ia 4500
008 170316s9999 xx 000 0 und d
040 |a cru BVZT 
090 |a 860 C-17o v.8 
100 |a Carpentier, Alejo 
245 |a Obras completas de Alejo Carpentier VIII: Crónicas 1: arte, literatura y política 
260 |a México, Distrito Federal 
260 |b Siglo vientiuno editores 
260 |c 1985 
300 |a 426 páginas Vol. 8. 
650 |a LITERATURA LATINOAMERICANA 
999 |c 8494  |d 8494 
942 |c 15 D  |h 860 C-17o v.8  |2 z